000
00259nam a22001217a 4500
008
190129b xxu||||| |||| 00| 0 eng d
041
_a
eng
080
_a
540
100
_a
12
101
_a
KIM
245
_a
Vitalized Chemistry
_c
Jardins,D
942
_2
udc
_c
BK
999
_c
53833
_d
53833